00385nam a2200109Ia 4500008004100000020001800041100002300059245010500082260002700187650000800214856005300222171212s9999 xx 000 0 und d a9780833087379 aKavanagh, Jennifer cKavanagh, JenniferaU.S. Security-Related Agreements in Force Since 1955bIntroducing a New Database bRAND Corporationc2014 aLaw uhttp://www.jstor.org/stable/10.7249/j.ctt14bs4zn